000 00456nam a22001817a 4500
005 20230116100345.0
008 190604b xxu||||| |||| 00| 0 eng d
020 _a978-93-87686-60-1
041 _aeng
082 _a615.32
100 _aKOKARE, PROF. CHANDRAKANT
_95016
245 _aPHARMACEUTICAL MICROBIOLOGY
250 _a2ND ED. 2019
260 _aPUNE
_bNIRALI PRAKASHAN
300 _aAV.2p,
650 _aPHARMACY
_xB.PHARMA
_97083
942 _cBK
999 _c5946
_d5944